000 00741cam a22002415a 4500
001 16092627
005 20151207120056.0
008 100216t2011 ctua frb 001 0 eng d
020 _a0495668125
020 _a9780495668121
040 _aDLC
_cDLC
_dDLC
_dEG-ScBUE
_beng
082 0 4 _222
_a624.15
_bDAS
100 1 _aDas, Braja M.,
_932610
_d1941-
245 1 0 _aPrinciples of foundation engineering /
_cBraja M. Das.
250 _a7th ed., Si ed.
260 _aStamford :
_bCengage Learning,
_cc.2011.
300 _axix, 794 p. :
_bill. (col.) ;
_c24 cm.
500 _aIndex : p. 789-794.
504 _aIncludes bibliographical references.
650 0 _2BUEsh
_aFoundations.
653 _bENGGEN
_cAugust2015
_cDecember2015
942 _2ddc
999 _c20574
_d20546